| 000 | 00446ntaaa2200169 4500 | ||
|---|---|---|---|
| 003 | 01 | ||
| 005 | 20251027202435.0 | ||
| 008 | 0714s1973 ag 01 | ||
| 040 |
_aAR-BaBN _bspa _cAR-BaBN _eaacr _dRIC |
||
| 082 | _a266.0000 B73 | ||
| 100 |
_aBrain, Belle _923284 |
||
| 245 | _aHolding the ropes; missionary methods for workers at home. | ||
| 250 |
_a1 ed. : _bFunk and Wagnalls Co., _cc/904 |
||
| 300 | _a224 p. | ||
| 650 | _aMisiones | ||
| 942 | _cBK | ||
| 999 |
_c19386 _d19386 |
||